[Event "Rio de Janeiro CXG"]
[Site "Rio de Janeiro"]
[Date "2007.09.10"]
[Round "4"]
[White "Maia, Marco Aurelio Ferre"]
[Black "Miranda, Marcio MC"]
[Result "1/2-1/2"]
[WhiteElo "2140"]
[BlackElo "2294"]
[PlyCount "34"]
[EventDate "2007.09.05"]
[EventType "tourn"]
[EventRounds "9"]
[EventCountry "BRA"]
[EventCategory "3"]
[SourceTitle "CBM 120 Extra"]
[Source "ChessBase"]
[SourceDate "2007.11.01"]
[SourceVersion "1"]
[SourceVersionDate "2007.11.01"]
[SourceQuality "1"]

1. e4 c5 2. Nf3 d6 3. Bb5+ Bd7 4. Bxd7+ Qxd7 5. 0-0 Nc6 6. c3 Nf6 7. Re1 e6 8. d4 cxd4 9. cxd4 d5 10. e5 Ne4 11. Nbd2 Nxd2 12. Bxd2 Be7 13. Rc1 0-0 14. Qb3 Rfc8 15. Rc2 Rc7 16. Rec1 Rac8 17. Qd3 Nd8 1/2-1/2

[Event "Guarapari 1st"]
[Site "Guarapari"]
[Date "2006.05.26"]
[Round "5.5"]
[White "Crosa Coll, Martin"]
[Black "Miranda, Marcio MC"]
[Result "1/2-1/2"]
[WhiteElo "2449"]
[BlackElo "2302"]
[PlyCount "52"]
[EventDate "2006.05.23"]
[EventType "tourn"]
[EventRounds "9"]
[EventCountry "BRA"]
[SourceTitle "CBM 112 Extra"]
[Source "ChessBase"]
[SourceDate "2006.07.14"]
[SourceVersion "1"]
[SourceVersionDate "2006.07.14"]
[SourceQuality "1"]

1. e4 c5 2. Nf3 e6 3. d4 cxd4 4. Nxd4 Nc6 5. Nc3 Qc7 6. Be3 a6 7. Qd2 Nf6 8. f3 Be7 9. g4 d6 10. 0-0-0 Nxd4 11. Qxd4 e5 12. Qd2 Be6 13. g5 Nd7 14. Nd5 Bxd5 15. exd5 Rc8 16. Bh3 0-0 17. Bg4 Rcd8 18. h4 Nc5 19. Rh2 f5 20. gxf6 Bxf6 21. Rg1 e4 22. fxe4 Nxe4 23. Qe2 Bxb2+ 24. Kxb2 Qc3+ 25. Kb1 Qb4+ 26. Ka1 Qc3+ 1/2-1/2

[Event "Guarapari 1st"]
[Site "Guarapari"]
[Date "2006.05.25"]
[Round "4.2"]
[White "Miranda, Marcio MC"]
[Black "Bittencourt, Jorge Humberto M"]
[Result "1/2-1/2"]
[WhiteElo "2302"]
[BlackElo "2395"]
[PlyCount "40"]
[EventDate "2006.05.23"]
[EventType "tourn"]
[EventRounds "9"]
[EventCountry "BRA"]
[SourceTitle "CBM 112 Extra"]
[Source "ChessBase"]
[SourceDate "2006.07.14"]
[SourceVersion "1"]
[SourceVersionDate "2006.07.14"]
[SourceQuality "1"]

1. c4 c5 2. Nf3 Nc6 3. Nc3 e5 4. d3 g6 5. g3 Bg7 6. Bg2 Nge7 7. e4 d6 8. Rb1 0-0 9. 0-0 Rb8 10. a3 a5 11. Ne1 Be6 12. Nc2 Qd7 13. b4 axb4 14. axb4 b6 15. Nd5 Nd4 16. Bd2 f5 17. bxc5 bxc5 18. Nxd4 cxd4 19. f3 fxe4 20. fxe4 Nxd5 1/2-1/2

[Event "Guarapari 1st"]
[Site "Guarapari"]
[Date "2006.05.24"]
[Round "2.3"]
[White "Miranda, Marcio MC"]
[Black "Diamant, Andre"]
[Result "0-1"]
[WhiteElo "2302"]
[BlackElo "2244"]
[PlyCount "74"]
[EventDate "2006.05.23"]
[EventType "tourn"]
[EventRounds "9"]
[EventCountry "BRA"]
[SourceTitle "CBM 112 Extra"]
[Source "ChessBase"]
[SourceDate "2006.07.14"]
[SourceVersion "1"]
[SourceVersionDate "2006.07.14"]
[SourceQuality "1"]

1. d4 Nf6 2. c4 g6 3. Nc3 Bg7 4. e4 d6 5. Nf3 0-0 6. h3 e5 7. d5 a5 8. Bg5 h6 9. Be3 Na6 10. Nd2 Ne8 11. g4 Qh4 12. Rg1 Nc5 13. g5 hxg5 14. Bxg5 Qh7 15. Be7 Nf6 16. Bxf8 Bxf8 17. Be2 Qxh3 18. Qc2 Qh2 19. 0-0-0 Qxf2 20. Rdf1 Qh4 21. Kb1 Nh7 22. Nf3 Qe7 23. Qd2 Bd7 24. Nh2 Qh4 25. Bg4 Be8 26. Nf3 Qe7 27. Rh1 Nf6 28. Rh4 Nfxe4 29. Nxe4 Nxe4 30. Qh2 Bg7 31. Rh1 Qf6 32. Rh3 Nc5 33. Qe2 e4 34. Ne1 Ra6 35. Qc2 Rb6 36. R1h2 Qf1 37. Re3 Qf4 0-1

[Event "Rio de Janeiro"]
[Site "Rio de Janeiro"]
[Date "2003.12.22"]
[Round "6"]
[White "Limp, Eduardo Thelio"]
[Black "Miranda, Marcio MC"]
[Result "1/2-1/2"]
[WhiteElo "2403"]
[BlackElo "2261"]
[PlyCount "29"]
[EventDate "2003.12.17"]
[EventType "tourn"]
[EventRounds "9"]
[EventCountry "BRA"]
[EventCategory "5"]
[SourceTitle "EXT 2005"]
[Source "ChessBase"]
[SourceDate "2004.11.15"]
[SourceVersion "1"]
[SourceVersionDate "2004.11.15"]
[SourceQuality "1"]

1. d4 d5 2. Nf3 Nf6 3. c3 c6 4. Bf4 Bf5 5. Nbd2 Nbd7 6. e3 e6 7. h3 h6 8. Be2 Be7 9. 0-0 0-0 10. Ne5 Ne4 11. Nxe4 Bxe4 12. Nxd7 Qxd7 13. Bd3 Bxd3 14. Qxd3 Bd6 15. Bxd6 1/2-1/2

[Event "Rio de Janeiro"]
[Site "Rio de Janeiro"]
[Date "2003.12.19"]
[Round "4"]
[White "Disconzi da Silva, Rodrigo"]
[Black "Miranda, Marcio MC"]
[Result "1/2-1/2"]
[WhiteElo "2377"]
[BlackElo "2261"]
[PlyCount "27"]
[EventDate "2003.12.17"]
[EventType "tourn"]
[EventRounds "9"]
[EventCountry "BRA"]
[EventCategory "5"]
[SourceTitle "EXT 2005"]
[Source "ChessBase"]
[SourceDate "2004.11.15"]
[SourceVersion "1"]
[SourceVersionDate "2004.11.15"]
[SourceQuality "1"]

1. d4 c6 2. c4 d5 3. Nf3 Nf6 4. e3 g6 5. Nc3 Bg7 6. Bd3 0-0 7. 0-0 a6 8. Qe2 Nbd7 9. Rd1 Qc7 10. a4 e5 11. cxd5 cxd5 12. dxe5 Nxe5 13. Nxe5 Qxe5 14. f3 1/2-1/2

[Event "Magistral Vince Toth 4th"]
[Site "Rio de Janeiro"]
[Date "2002.08.12"]
[Round "9"]
[White "Soppe, Guillermo"]
[Black "Miranda, Marcio MC"]
[Result "1-0"]
[WhiteElo "2469"]
[BlackElo "2279"]
[PlyCount "99"]
[EventDate "2002.08.06"]
[EventType "tourn"]
[EventRounds "11"]
[EventCountry "BRA"]
[EventCategory "4"]
[SourceTitle "CBM 089 Extra"]
[Source "ChessBase"]
[SourceDate "2002.09.10"]
[SourceVersion "2"]
[SourceVersionDate "2002.09.10"]
[SourceQuality "1"]

1. d4 Nf6 2. c4 e6 3. Nf3 b6 4. e3 Bb7 5. Bd3 d5 6. 0-0 Nbd7 7. b3 Bd6 8. Bb2 0-0 9. Nc3 Ne4 10. Rc1 a6 11. Ne2 dxc4 12. bxc4 Ng5 13. Nd2 e5 14. Ng3 exd4 15. exd4 g6 16. f4 Ne6 17. f5 Nf4 18. Be4 Bxe4 19. Ndxe4 Qh4 20. Nxd6 cxd6 21. Qf3 Nh5 22. Nxh5 Qxh5 23. Qxh5 gxh5 24. Ba3 Rfe8 25. Bxd6 Re2 26. Rf2 Rae8 27. c5 bxc5 28. dxc5 Re1+ 29. Rxe1 Rxe1+ 30. Rf1 Re2 31. c6 Nb6 32. Rb1 Nc8 33. Rb8 Re8 34. Bf4 Kg7 35. c7 Kf6 36. Kf2 Kxf5 37. Kf3 Ke6 38. Ra8 Kd7 39. Rxa6 Ne7 40. Rf6 Ra8 41. a4 Ke8 42. Rd6 Nc8 43. Rd8+ Ke7 44. a5 Ke6 45. h4 Ke7 46. Rd5 Ke6 47. Rxh5 f5 48. Rh6+ Kd5 49. a6 Kc5 50. Rf6 1-0

[Event "Magistral Vince Toth 4th"]
[Site "Rio de Janeiro"]
[Date "2002.08.11"]
[Round "7"]
[White "Miranda, Marcio MC"]
[Black "Limp, Eduardo Thelio"]
[Result "1-0"]
[WhiteElo "2279"]
[BlackElo "2399"]
[PlyCount "47"]
[EventDate "2002.08.06"]
[EventType "tourn"]
[EventRounds "11"]
[EventCountry "BRA"]
[EventCategory "4"]
[SourceTitle "CBM 089 Extra"]
[Source "ChessBase"]
[SourceDate "2002.09.10"]
[SourceVersion "2"]
[SourceVersionDate "2002.09.10"]
[SourceQuality "1"]

1. d4 Nf6 2. c4 e5 3. dxe5 Ng4 4. Bf4 Bb4+ 5. Nc3 Nc6 6. Nf3 Qe7 7. Rc1 Ngxe5 8. Nxe5 Nxe5 9. a3 Bxc3+ 10. Rxc3 0-0 11. e3 d6 12. Be2 b6 13. 0-0 Bb7 14. Bg3 f5 15. b4 g5 16. f4 Nd7 17. fxg5 Qxg5 18. c5 Nf6 19. cxd6 cxd6 20. Qxd6 Rad8 21. Qf4 Qxf4 22. Bxf4 Nd5 23. Bc4 Rc8 24. Rd1 1-0

[Event "Magistral Vince Toth 4th"]
[Site "Rio de Janeiro"]
[Date "2002.08.09"]
[Round "5"]
[White "Miranda, Marcio MC"]
[Black "Toth, Peter"]
[Result "1/2-1/2"]
[WhiteElo "2279"]
[BlackElo "2166"]
[PlyCount "34"]
[EventDate "2002.08.06"]
[EventType "tourn"]
[EventRounds "11"]
[EventCountry "BRA"]
[EventCategory "4"]
[SourceTitle "CBM 089 Extra"]
[Source "ChessBase"]
[SourceDate "2002.09.10"]
[SourceVersion "2"]
[SourceVersionDate "2002.09.10"]
[SourceQuality "1"]

1. d4 Nf6 2. c4 e6 3. Nc3 d5 4. Bg5 Nbd7 5. e3 Be7 6. Nf3 a6 7. cxd5 exd5 8. Bd3 h6 9. Bh4 0-0 10. 0-0 c6 11. Qc2 Ne8 12. Bg3 Bd6 13. Ne5 Nxe5 14. dxe5 Bb8 15. Rad1 Ba7 16. Qe2 f5 17. exf6 Nxf6 1/2-1/2

[Event "Magistral Vince Toth 4th"]
[Site "Rio de Janeiro"]
[Date "2002.08.06"]
[Round "1"]
[White "Miranda, Marcio MC"]
[Black "Di Berardino, Diego Rafael"]
[Result "1-0"]
[WhiteElo "2279"]
[BlackElo "2252"]
[PlyCount "61"]
[EventDate "2002.08.06"]
[EventType "tourn"]
[EventRounds "11"]
[EventCountry "BRA"]
[EventCategory "4"]
[SourceTitle "CBM 089 Extra"]
[Source "ChessBase"]
[SourceDate "2002.09.10"]
[SourceVersion "2"]
[SourceVersionDate "2002.09.10"]
[SourceQuality "1"]

1. d4 Nf6 2. c4 g6 3. Nc3 Bg7 4. e4 d6 5. Nf3 0-0 6. h3 Na6 7. Bg5 Qe8 8. Be2 c5 9. d5 Nc7 10. 0-0 b5 11. cxb5 a6 12. a4 axb5 13. axb5 Bd7 14. Qb3 e6 15. b6 Rb8 16. Ra7 exd5 17. Rxc7 Nxe4 18. Ba6 Nxg5 19. Nxg5 Qd8 20. Nxd5 Be6 21. Nxe6 fxe6 22. Ne7+ Kh8 23. Qxe6 Rxb6 24. Rc8 d5 25. Nc6 Qg5 26. Rxf8+ Bxf8 27. Qe8 Qf6 28. Nb8 Qe7 29. Re1 Qd6 30. Nd7 Rxa6 31. Nxf8 1-0

[Event "Rio de Janeiro tt"]
[Site "Rio de Janeiro"]
[Date "2001.08.18"]
[Round "1"]
[White "Miranda, Marcio MC"]
[Black "D'Oliveira, Marcos Arruda"]
[Result "1-0"]
[WhiteElo "2328"]
[BlackElo "2067"]
[PlyCount "79"]
[EventDate "2001.08.18"]
[EventType "team"]
[EventRounds "5"]
[EventCountry "BRA"]
[SourceTitle "EXT 2005"]
[Source "ChessBase"]
[SourceDate "2004.11.15"]
[SourceVersion "1"]
[SourceVersionDate "2004.11.15"]
[SourceQuality "1"]

1. d4 Nf6 2. c4 e6 3. Nc3 Bb4 4. e3 Bxc3+ 5. bxc3 d6 6. Bd3 c5 7. Ne2 b6 8. 0-0 Bb7 9. f3 Nbd7 10. e4 e5 11. d5 Nh5 12. a4 g5 13. g3 Nf8 14. a5 h6 15. axb6 Qxb6 16. Qa4+ Ke7 17. Be3 Nd7 18. Rfb1 Qc7 19. Qd1 f6 20. Nc1 Ng7 21. Nb3 a5 22. Bf1 Rhb8 23. Ra2 a4 24. Nd2 Nb6 25. Rba1 Ba6 26. Be2 Rf8 27. Qf1 f5 28. Qh3 Rf6 29. exf5 Nxf5 30. Bf2 Nxd5 31. Ne4 Nb6 32. Nxf6 Kxf6 33. g4 Nh4 34. Bxh4 gxh4 35. Qxh4+ Kg7 36. Bd3 Qf7 37. Be4 Rg8 38. Rd1 h5 39. Rxd6 Rb8 40. Qg5+ 1-0

[Event "Rio de Janeiro Estadual-ch"]
[Site "Rio de Janeiro"]
[Date "2001.01.31"]
[Round "3.3"]
[White "Mercadante, Ricardo Rodrigues"]
[Black "Miranda, Marcio MC"]
[Result "1/2-1/2"]
[WhiteElo "2306"]
[BlackElo "2328"]
[PlyCount "53"]
[EventDate "2001.01.??"]
[EventType "swiss"]
[EventRounds "7"]
[EventCountry "BRA"]
[SourceTitle "EXT 2003"]
[Source "ChessBase"]
[SourceDate "2002.11.25"]
[SourceVersion "1"]
[SourceVersionDate "2002.11.25"]
[SourceQuality "1"]

1. d4 Nf6 2. Nf3 e6 3. g3 c5 4. Bg2 d5 5. c4 dxc4 6. Qa4+ Bd7 7. Qxc4 Bc6 8. dxc5 Nbd7 9. Nc3 Bxc5 10. 0-0 Rc8 11. Qd3 0-0 12. Ng5 Bxg2 13. Kxg2 Ne5 14. Qb5 h6 15. Nf3 Nxf3 16. exf3 Qb6 17. Qxb6 Bxb6 18. Rd1 Ba5 19. Bd2 Bxc3 20. Bxc3 Nd5 21. Bd4 Rc2 22. Rac1 Rfc8 23. Rxc2 Rxc2 24. Rd3 b6 25. a4 f6 26. f4 Kf7 27. a5 1/2-1/2

[Event "Rio de Janeiro Estadual-ch"]
[Site "Rio de Janeiro"]
[Date "2001.01.28"]
[Round "2.6"]
[White "Miranda, Marcio MC"]
[Black "D'Oliveira, Marcos Arruda"]
[Result "1-0"]
[WhiteElo "2328"]
[BlackElo "2079"]
[PlyCount "41"]
[EventDate "2001.01.??"]
[EventType "swiss"]
[EventRounds "7"]
[EventCountry "BRA"]
[SourceTitle "EXT 2003"]
[Source "ChessBase"]
[SourceDate "2002.11.25"]
[SourceVersion "1"]
[SourceVersionDate "2002.11.25"]
[SourceQuality "1"]

1. d4 d5 2. c4 e6 3. Nc3 c5 4. e3 Nf6 5. Nf3 Nc6 6. a3 cxd4 7. exd4 Bd6 8. c5 Be7 9. Bd3 b6 10. b4 bxc5 11. dxc5 Qc7 12. 0-0 e5 13. Bb5 e4 14. Nxd5 Nxd5 15. Qxd5 Bd7 16. Qxe4 0-0 17. Bf4 Qb7 18. Bd3 g6 19. b5 Bf5 20. bxc6 Qb3 21. Qxe7 1-0

[Event "Rio de Janeiro Fexerj 2nd"]
[Site "Rio de Janeiro"]
[Date "1999.08.31"]
[Round "3"]
[White "Miranda, Marcio MC"]
[Black "Molina, Jorge"]
[Result "1/2-1/2"]
[WhiteElo "2318"]
[BlackElo "2155"]
[PlyCount "36"]
[EventDate "1999.08.30"]
[EventType "tourn"]
[EventRounds "9"]
[EventCountry "BRA"]
[EventCategory "3"]
[SourceTitle "EXT 2006"]
[Source "ChessBase"]
[SourceDate "2005.11.24"]
[SourceVersion "1"]
[SourceVersionDate "2005.11.24"]
[SourceQuality "1"]

1. Nf3 Nf6 2. c4 e6 3. g3 c5 4. Bg2 d5 5. cxd5 exd5 6. d4 Nc6 7. 0-0 Be7 8. dxc5 Bxc5 9. Bg5 0-0 10. Nc3 d4 11. Bxf6 Qxf6 12. Nd5 Qd8 13. Nd2 Bh3 14. Bxh3 Qxd5 15. Bg2 Qe6 16. Nb3 Bb6 17. Qd3 Rfe8 18. Rfe1 Rad8 1/2-1/2

[Event "Rio de Janeiro Fexerj 2nd"]
[Site "Rio de Janeiro"]
[Date "1999.08.30"]
[Round "2"]
[White "Matsuura, Everaldo"]
[Black "Miranda, Marcio MC"]
[Result "0-1"]
[WhiteElo "2408"]
[BlackElo "2318"]
[PlyCount "44"]
[EventDate "1999.08.30"]
[EventType "tourn"]
[EventRounds "9"]
[EventCountry "BRA"]
[EventCategory "3"]
[SourceTitle "EXT 2006"]
[Source "ChessBase"]
[SourceDate "2005.11.24"]
[SourceVersion "1"]
[SourceVersionDate "2005.11.24"]
[SourceQuality "1"]

1. e4 c5 2. Nf3 d6 3. d4 cxd4 4. Nxd4 Nf6 5. Nc3 a6 6. Be3 Ng4 7. Bg5 h6 8. Bh4 g5 9. Bg3 Bg7 10. Qd2 Nc6 11. Nb3 Bd7 12. f3 Nf6 13. Be2 Rc8 14. 0-0 Ne5 15. Rad1 Nh5 16. Bf2 Nf4 17. Nd5 Nxe2+ 18. Qxe2 Bb5 19. Qd2 Bxf1 20. Rxf1 Nc4 21. Qb4 b5 22. a4 e6 0-1

[Event "Rio de Janeiro Fexerj 2nd"]
[Site "Rio de Janeiro"]
[Date "1999.08.30"]
[Round "1"]
[White "Miranda, Marcio MC"]
[Black "Toth, Peter"]
[Result "1-0"]
[WhiteElo "2318"]
[BlackElo "2175"]
[PlyCount "45"]
[EventDate "1999.08.30"]
[EventType "tourn"]
[EventRounds "9"]
[EventCountry "BRA"]
[EventCategory "3"]
[SourceTitle "EXT 2006"]
[Source "ChessBase"]
[SourceDate "2005.11.24"]
[SourceVersion "1"]
[SourceVersionDate "2005.11.24"]
[SourceQuality "1"]

1. Nf3 Nf6 2. c4 c5 3. g3 Nc6 4. Bg2 a6 5. 0-0 Rb8 6. d4 cxd4 7. Nxd4 Qb6 8. Nb3 d6 9. Nc3 e6 10. Bf4 e5 11. Bg5 Be7 12. Bxf6 gxf6 13. Nd5 Qd8 14. Qd2 Be6 15. Rfd1 0-0 16. Rac1 Bxd5 17. Bxd5 Kg7 18. Qc3 Qc8 19. Qf3 f5 20. c5 dxc5 21. Bxc6 bxc6 22. Nxc5 Rxb2 23. Nd7 1-0

[Event "Curitiba"]
[Site "Curitiba"]
[Date "1999.05.22"]
[Round "10"]
[White "De Souza, Mauro Guimaraes"]
[Black "Miranda, Marcio MC"]
[Result "1-0"]
[WhiteElo "2369"]
[BlackElo "2285"]
[PlyCount "51"]
[EventDate "1999.05.??"]
[EventType "tourn"]
[EventRounds "11"]
[EventCountry "BRA"]
[EventCategory "2"]
[SourceTitle "CBM 070 Extra"]
[Source "ChessBase"]
[SourceDate "1999.07.10"]
[SourceVersion "1"]
[SourceVersionDate "1999.07.10"]
[SourceQuality "1"]

1. d4 d5 2. Nf3 Nf6 3. c3 e6 4. Nbd2 c5 5. e3 Nc6 6. Bd3 Be7 7. 0-0 0-0 8. Qe2 b6 9. Ne5 Bb7 10. f4 Nd7 11. Qh5 f5 12. Nxd7 Qxd7 13. Nf3 a5 14. Rf2 Qe8 15. Qh3 Ba6 16. Bc2 Ra7 17. g4 g6 18. Rg2 Kh8 19. Bd2 Bf6 20. Kh1 Bc8 21. Ne5 Nxe5 22. fxe5 Bd8 23. gxf5 gxf5 24. Rag1 Rff7 25. Ba4 Qf8 26. e4 1-0

[Event "Curitiba"]
[Site "Curitiba"]
[Date "1999.05.21"]
[Round "8"]
[White "Limp, Eduardo Thelio"]
[Black "Miranda, Marcio MC"]
[Result "1-0"]
[WhiteElo "2409"]
[BlackElo "2285"]
[PlyCount "73"]
[EventDate "1999.05.??"]
[EventType "tourn"]
[EventRounds "11"]
[EventCountry "BRA"]
[EventCategory "2"]
[SourceTitle "CBM 070 Extra"]
[Source "ChessBase"]
[SourceDate "1999.07.10"]
[SourceVersion "1"]
[SourceVersionDate "1999.07.10"]
[SourceQuality "1"]

1. d4 d6 2. e4 Nf6 3. Nd2 g6 4. Ngf3 Bg7 5. c3 0-0 6. Be2 b6 7. 0-0 e6 8. e5 dxe5 9. Nxe5 Bb7 10. Bf3 Qc8 11. Qa4 a6 12. Re1 Bd5 13. c4 Bxf3 14. Ndxf3 Qb7 15. Be3 b5 16. Qb3 Nbd7 17. a4 Rab8 18. cxb5 axb5 19. a5 Nxe5 20. Nxe5 Rfd8 21. Rec1 Rd6 22. Qc2 Nd5 23. Nc6 Ra8 24. Qc5 Bf8 25. Qc2 Ra6 26. Ne5 f6 27. Nd3 Rdc6 28. Qd2 Rxc1+ 29. Qxc1 Qa7 30. b4 Nxb4 31. Nxb4 Bxb4 32. d5 Qb7 33. dxe6 Rxe6 34. Qb2 Be7 35. Qb3 Qa6 36. Bb6 Qc8 37. Re1 1-0

[Event "Curitiba"]
[Site "Curitiba"]
[Date "1999.05.19"]
[Round "6"]
[White "Miranda, Marcio MC"]
[Black "Pereira, Silvio Cunha"]
[Result "1/2-1/2"]
[WhiteElo "2285"]
[BlackElo "2287"]
[PlyCount "101"]
[EventDate "1999.05.??"]
[EventType "tourn"]
[EventRounds "11"]
[EventCountry "BRA"]
[EventCategory "2"]
[SourceTitle "CBM 070 Extra"]
[Source "ChessBase"]
[SourceDate "1999.07.10"]
[SourceVersion "1"]
[SourceVersionDate "1999.07.10"]
[SourceQuality "1"]

1. d4 f5 2. g3 g6 3. Bg2 Bg7 4. c3 c6 5. Qb3 Nh6 6. Nd2 Nf7 7. e4 fxe4 8. Nxe4 d5 9. Ng5 e5 10. Nxf7 Kxf7 11. dxe5 Bxe5 12. Nf3 Bf6 13. 0-0 Nd7 14. Be3 Kg7 15. Rad1 a5 16. Rfe1 a4 17. Qc2 Qf8 18. Qd2 h6 19. Bd4 Nc5 20. Ne5 Kh7 21. Bxc5 Qxc5 22. Nf7 Qf8 23. Nxh8 Kxh8 24. a3 Bg4 25. f3 Bf5 26. Bf1 Kg7 27. Bd3 Qc5+ 28. Kg2 Bd7 29. Re2 b5 30. Rde1 Qf8 31. h4 Qf7 32. Qf4 Rd8 33. Kg1 Bc8 34. Qb4 Qa7+ 35. Kg2 Kf7 36. Qf4 Kg7 37. h5 gxh5 38. Re6 Bxe6 39. Rxe6 Qf7 40. Qf5 Bg5 41. Rg6+ Kf8 42. Qe5 h4 43. f4 hxg3 44. Kxg3 Re8 45. Qh8+ Ke7 46. Qe5+ Kf8 47. Qd6+ Qe7 48. fxg5 Qxd6+ 49. Rxd6 Re3+ 50. Kf4 Rxd3 51. gxh6 1/2-1/2

[Event "Curitiba"]
[Site "Curitiba"]
[Date "1999.05.17"]
[Round "3"]
[White "Dos Santos, Haroldo Cunha Jr"]
[Black "Miranda, Marcio MC"]
[Result "1/2-1/2"]
[WhiteElo "2275"]
[BlackElo "2285"]
[PlyCount "41"]
[EventDate "1999.05.??"]
[EventType "tourn"]
[EventRounds "11"]
[EventCountry "BRA"]
[EventCategory "2"]
[SourceTitle "CBM 070 Extra"]
[Source "ChessBase"]
[SourceDate "1999.07.10"]
[SourceVersion "1"]
[SourceVersionDate "1999.07.10"]
[SourceQuality "1"]

1. d4 d5 2. Nf3 Nf6 3. Bf4 c6 4. e3 Bg4 5. Nbd2 Nbd7 6. c4 e6 7. Qb3 Bxf3 8. gxf3 Qb6 9. c5 Qxb3 10. axb3 Nh5 11. Bc7 Rc8 12. Ba5 a6 13. f4 g6 14. Bd3 Ng7 15. Ke2 Be7 16. Nf3 Nf5 17. Bc3 Nh4 18. Ne1 Bf6 19. Nc2 Nf5 20. f3 Ng7 21. b4 1/2-1/2

[Event "Curitiba"]
[Site "Curitiba"]
[Date "1999.05.16"]
[Round "1"]
[White "Matsuura, Everaldo"]
[Black "Miranda, Marcio MC"]
[Result "1-0"]
[WhiteElo "2380"]
[BlackElo "2285"]
[PlyCount "101"]
[EventDate "1999.05.??"]
[EventType "tourn"]
[EventRounds "11"]
[EventCountry "BRA"]
[EventCategory "2"]
[SourceTitle "CBM 070 Extra"]
[Source "ChessBase"]
[SourceDate "1999.07.10"]
[SourceVersion "1"]
[SourceVersionDate "1999.07.10"]
[SourceQuality "1"]

1. d4 Nf6 2. Nf3 e6 3. c4 b6 4. a3 Bb7 5. Nc3 d5 6. cxd5 Nxd5 7. e3 g6 8. Bb5+ c6 9. Bd3 Nxc3 10. bxc3 Bg7 11. a4 0-0 12. 0-0 Nd7 13. e4 e5 14. a5 exd4 15. a6 Bc8 16. cxd4 c5 17. Bc4 b5 18. Bd5 Rb8 19. Bf4 Rb6 20. dxc5 Nxc5 21. Be3 Rxa6 22. Rxa6 Nxa6 23. Qb3 Qe7 24. Rc1 Be6 25. Qxb5 Bxd5 26. exd5 Qa3 27. h4 Nb4 28. Rc4 a5 29. d6 Qd3 30. d7 Bf6 31. Bg5 Qd1+ 32. Kh2 Bxg5 33. hxg5 Qd6+ 34. g3 Qe6 35. Ne5 Kg7 36. Qc5 Rd8 37. Rf4 Rxd7 38. Nxd7 Qxd7 39. Qxa5 Nc6 40. Qc3+ Kg8 41. Qf6 Qe6 42. Qxe6 fxe6 43. Rf6 Nd8 44. f4 Kg7 45. Kg2 h6 46. Kf3 hxg5 47. fxg5 Nf7 48. Kf4 e5+ 49. Kg4 Kg8 50. Rxg6+ Kf8 51. Kf5 1-0

[Event "Vince Toth Memorial 1st"]
[Site "Rio de Janeiro"]
[Date "1999.02.05"]
[Round "6"]
[White "Miranda, Marcio MC"]
[Black "Izeta Txabarri, Felix"]
[Result "0-1"]
[WhiteElo "2285"]
[BlackElo "2516"]
[PlyCount "58"]
[EventDate "1999.01.??"]
[EventType "tourn"]
[EventRounds "9"]
[EventCountry "BRA"]
[EventCategory "7"]
[SourceTitle "CBM 068 Extra"]
[Source "ChessBase"]
[SourceDate "1999.03.01"]
[SourceVersion "1"]
[SourceVersionDate "1999.03.01"]
[SourceQuality "1"]

1. d4 Nf6 2. c4 e6 3. Nc3 Bb4 4. Qc2 0-0 5. e4 c5 6. dxc5 Nc6 7. Nf3 Bxc5 8. Bg5 h6 9. Bh4 Nd4 10. Nxd4 Bxd4 11. Bd3 d6 12. 0-0 g5 13. Bg3 e5 14. Kh1 Nh5 15. Nd5 Nf4 16. Bxf4 gxf4 17. Qe2 Kh8 18. g3 Rg8 19. Qh5 Qg5 20. Qxg5 Rxg5 21. Kg2 b6 22. Nc7 Rb8 23. Nb5 Bc5 24. Nxa7 Bd7 25. Nb5 Rbg8 26. a3 Bh3+ 27. Kh1 f3 28. b4 Bg2+ 29. Kg1 Rxg3 0-1

[Event "Vince Toth Memorial 1st"]
[Site "Rio de Janeiro"]
[Date "1999.02.01"]
[Round "2"]
[White "Miranda, Marcio MC"]
[Black "Dumont, Sadi Glasser"]
[Result "1-0"]
[WhiteElo "2285"]
[BlackElo "2384"]
[PlyCount "71"]
[EventDate "1999.01.??"]
[EventType "tourn"]
[EventRounds "9"]
[EventCountry "BRA"]
[EventCategory "7"]
[SourceTitle "CBM 068 Extra"]
[Source "ChessBase"]
[SourceDate "1999.03.01"]
[SourceVersion "1"]
[SourceVersionDate "1999.03.01"]
[SourceQuality "1"]

1. d4 Nf6 2. c4 c5 3. d5 b5 4. cxb5 a6 5. bxa6 g6 6. Nc3 Bxa6 7. Nf3 Bg7 8. g3 d6 9. Bg2 Nbd7 10. 0-0 Nb6 11. Rb1 Bc4 12. Nd2 Bxa2 13. Nxa2 Rxa2 14. Qb3 Ra7 15. Qb5+ Nfd7 16. b4 Na4 17. Ne4 0-0 18. Be3 f5 19. Ng5 Nc3 20. Qc4 Nxb1 21. Rxb1 Qa8 22. bxc5 Ra1 23. Rf1 Rxf1+ 24. Bxf1 Rb8 25. c6 Nf6 26. h3 Qa5 27. Bg2 Ne8 28. Ne6 Qc3 29. Qa4 Be5 30. Kh2 Bf6 31. Qa7 Qb4 32. Qd7 Qc3 33. c7 Ra8 34. Bb6 Kf7 35. Nd8+ Kf8 36. Qe6 1-0

[Event "Vince Toth Memorial 1st"]
[Site "Rio de Janeiro"]
[Date "1999.01.31"]
[Round "1"]
[White "De Souza, Mauro Guimaraes"]
[Black "Miranda, Marcio MC"]
[Result "1-0"]
[WhiteElo "2363"]
[BlackElo "2285"]
[PlyCount "83"]
[EventDate "1999.01.??"]
[EventType "tourn"]
[EventRounds "9"]
[EventCountry "BRA"]
[EventCategory "7"]
[SourceTitle "CBM 068 Extra"]
[Source "ChessBase"]
[SourceDate "1999.03.01"]
[SourceVersion "1"]
[SourceVersionDate "1999.03.01"]
[SourceQuality "1"]

1. d4 Nf6 2. c4 e6 3. Nc3 Bb4 4. e3 0-0 5. Bd3 d5 6. a3 Be7 7. Nge2 c5 8. 0-0 dxc4 9. Bxc4 a6 10. Nf4 Nc6 11. d5 exd5 12. Ncxd5 b5 13. Ba2 Bb7 14. Bd2 Ne4 15. Be1 c4 16. Qc2 Nc5 17. Rd1 Bd6 18. Bc3 Ne5 19. Qf5 Re8 20. Bb1 Qh4 21. Nf6+ Qxf6 22. Qxf6 gxf6 23. Rxd6 Rad8 24. Rxf6 Ned3 25. Nxd3 Nxd3 26. Rb6 Rd7 27. Rd1 Re6 28. Rxe6 fxe6 29. Kf1 Kf7 30. f3 Rd8 31. Ke2 Rg8 32. g3 Ke7 33. Bxd3 cxd3+ 34. Rxd3 Bd5 35. Rd4 Rc8 36. Rh4 a5 37. Rxh7+ Kd6 38. e4 Bc4+ 39. Ke3 a4 40. f4 Kc6 41. g4 Rd8 42. Bd4 1-0